Mathematics- II (Record no. 365918)

MARC details
000 -LEADER
fixed length control field 00374nam a22001577a 4500
005 - DATE AND TIME OF LATEST TRANSACTION
control field 20250410125347.0
008 - FIXED-LENGTH DATA ELEMENTS--GENERAL INFORMATION
fixed length control field 250410b |||||||| |||| 00| 0 eng d
020 ## - INTERNATIONAL STANDARD BOOK NUMBER
International Standard Book Number 9789355012012
041 ## - LANGUAGE CODE
Language code of text/sound track or separate title Eng
082 ## - DEWEY DECIMAL CLASSIFICATION NUMBER
Classification number 510
100 ## - MAIN ENTRY--PERSONAL NAME
Author H K Dass, Rama Verma
245 ## - TITLE STATEMENT
Title Mathematics- II
260 ## - PUBLICATION, DISTRIBUTION, ETC.
Place of publication, distribution, etc. New Delhi
Name of publisher, distributor, etc. S Chand & Company
300 ## - PHYSICAL DESCRIPTION
Extent 470P
942 ## - ADDED ENTRY ELEMENTS (KOHA)
Koha item type Compact Books
Holdings
Withdrawn status Lost status Source of classification or shelving scheme Damaged status Not for loan Collection code Home library Current library Date acquired Net Price Total Checkouts Full call number Barcode Date last seen Bill Date Koha item type
    Dewey Decimal Classification     Allied Science Cummins College of Engineering for Women Nagpur Cummins College of Engineering for Women Nagpur 10/04/2025 350.00   510 CEWN-CB-204 10/04/2025 10/04/2025 Compact Books